zpět

Detail výsledku týmu

Kozlovna S-klub, Olomouc

Datum a čas kvízu

27.5 Celkem bodů Celkový počet nahraných bodů na tomto kvízu bez doplňovacích otázek.
10. Pořadí na kvízu Konečné umístění týmu na tomto kvízu.

Zaznamenané odpovědi

# Otázka Odpověď Body Výsledky
1. Jak se jmenuje náměstek pražsk... Zdeněk Hřib 1
2. Minulý týden jsme se dozvěděli... A) ve lžíci bagru 1
3. Minulý týden jsme se dozvěděli... Kanye West, Bianca Censori 0
4. Nápad vědců z brněnské Mendelo... B) mangové pecky 0
5. Jakub Vágner prožívá výjimečno... sumec 1
6. Hned na začátku tohoto tématu... para (0,5 b.), piniové (1 b.) 1
7. V jedné populární české písnič... Báječná ženská, Michal Tučný 1
8. Jak se jedním kratším slovem n... gola 0
9. Který oříšek se na české Wikip... muškátový 1
10. Který z těchto výroků o pohádc... D 1